00000000nas##2200000za#4500
0019.510206
003CaOODSP
00520210305155324
007ta
008150406c1991||||xxc|| p #||||f|   |0eng|d
040 |aCaOODSP|beng
041 |aeng
041 |afre
043 |an-cn---
0861 |aXC36-343/1
1101 |aCanada.|bHouse of Commons. |bStanding Committee on Labour, Employment and Immigration.
24510|aStanding Committee on Labour, Employment and Immigration, minutes of proceedings and evidence / |cChairman: Mr. Robert Wenman.
260 |bHouse of Commons.
310 |aIrregular
3621 |a3rd session, 34th parliament, 40-42 Elizabeth II, 1991-1993
546 |aBilingual
792 |tComité permanent du travail, de l'emploi et de l'immigration, procès-verbaux et témoignages / |efre|w(CaOODSP)9.510207